| 000 | 03428cam a2200505 i 4500 | ||
|---|---|---|---|
| 001 | 22931314 | ||
| 003 | BJBSDDR | ||
| 005 | 20260414134517.0 | ||
| 007 | ta | ||
| 008 | 230117s2023 ilua b 001 0beng | ||
| 010 | _a 2022059018 | ||
| 020 |
_a9780252045103 _q(cloth) |
||
| 020 |
_a9780252087233 _q(paperback) |
||
| 020 |
_z9780252054471 _q(ebook) |
||
| 035 | _a22931314 | ||
| 040 |
_aLBSOR _beng _erda _cLBSOR _dDLC |
||
| 041 | _aeng | ||
| 042 | _apcc | ||
| 043 | _an-us--- | ||
| 050 | 0 | 0 |
_aPN4874.C685 _bA425a 2023 |
| 082 | 0 | 0 |
_a070.92 _aB _223/eng/20230130 |
| 100 | 1 |
_aAllen, Gene, _d1918-2015 _eauthor. _947940 |
|
| 245 | 1 | 0 |
_aMr. Associated Press : _bKent Cooper and the twentieth-century world of news / _cGene Allen. |
| 246 | 3 | 0 | _aKent Cooper and the twentieth-century world of news |
| 264 | 1 |
_aUrbana : _bUniversity of Illinois Press, _c[2023]. |
|
| 300 |
_ax, 372 pages : _billustrations ; _c25 cm. |
||
| 336 |
_atext _btxt _2rdacontent |
||
| 337 |
_aunmediated _bn _2rdamedia |
||
| 338 |
_avolume _bnc _2rdacarrier |
||
| 490 | 0 | _aThe history of communication | |
| 504 | _aIncludes bibliographical references (pages 345-355) and index. | ||
| 505 | 0 | _a"Fitting himself for the newspaper profession" -- Apprenticeship and ascent -- "Very much the boss" -- The opposition -- International ambitions -- The Japanese gambit -- New media -- Politics, external and otherwise -- The shadow of war -- "The government suit" -- The crusade -- The voice of America -- "Mr. Associated Press". | |
| 520 |
_a"Between 1925 and 1951, Kent Cooper transformed the Associated Press, making it the world's dominant news agency while changing the kind of journalism that millions of readers in the United States and other countries relied on. Gene Allen's biography is a globe-spanning account of how Cooper led and reshaped the most important institution in American--and eventually international--journalism in the mid-twentieth century. Allen critically assesses the many new approaches and causes that Cooper championed: introducing celebrity news and colorful features to a service previously known for stodgy reliability, pushing through disruptive technological innovations like the instantaneous transmission of news photos, and leading a crusade to bring American-style press freedom--inseparable from private ownership, in Cooper's view--to every country. His insistence on truthfulness and impartiality presents a sharp contrast to much of today's fractured journalistic landscape. Deeply researched and engagingly written, Mr. Associated Press traces Cooper's career as he built a new foundation for the modern AP and shaped the twentieth-century world of news"-- _cProvided by publisher. |
||
| 600 | 1 | 0 |
_aCooper, Kent, _d1880-1965. |
| 610 | 2 | 0 | _aAssociated Press. |
| 650 | 0 |
_aJournalists _zUnited States _vBiography. |
|
| 650 | 0 |
_aJournalism _zUnited States _xHistory _y20th century. |
|
| 655 | 7 |
_aBiographies. _2lcgft _0https://id.loc.gov/authorities/genreForms/gf2014026049 |
|
| 776 | 0 | 8 |
_iOnline version: _aAllen, Gene, 1952- _tMr. Associated Press _dUrbana : University of Illinois Press, 2023 _z9780252054471 _w(DLC) 2022059019 |
| 906 |
_a7 _bcbc _corignew _d1 _eecip _f20 _gy-gencatlg |
||
| 942 |
_2lcc _cBK _n0 |
||
| 946 | _idpf | ||
| 999 |
_c126808 _d126808 |
||